00869nam a22002535a 450000500170000000800410001701000140005802000270007202000240009903500130012303700130013604000080014908200160015710000240017324500770019725000060027426000410028027000550032130000250037650000190040194200300042099900170045095201480046720080522115808.0080520s2008 nyu 000 0 eng  aENG-95805 a9788173200915c1950.00 a8173200915c1950.00 aEN-79338 bDBAD/PUB aDPL a726.1450954 aPadhi, Braja Kishor aReligious art & archiecture of North-East India /cby Braja Kishor Padhi a. aNew DelhibAgam Kala Prakashanc2009 a34, Central Market, Ashok ViharbNew Delhie110052 axix,284pb28cm, (Hb) aIncludes Index 2ddccENmPADh726.1450954 c33566d33566 00102ddc40718NFICaDBADbDBADd2010-01-01eDBAD/PUBg1950.00l0o726.1450954 PADpEN-79338r2010-01-09 00:00:00t1v1950.00w2010-01-09yEN